Between Jihad and Salaam : (Record no. 185691)
[ view plain ]
| 000 -LEADER | |
|---|---|
| fixed length control field | 00887 a2200229 4500 |
| 003 - CONTROL NUMBER IDENTIFIER | |
| control field | Nust |
| 005 - DATE AND TIME OF LATEST TRANSACTION | |
| control field | 20221228133121.0 |
| 010 ## - LIBRARY OF CONGRESS CONTROL NUMBER | |
| LC control number | 96048928 |
| 020 ## - INTERNATIONAL STANDARD BOOK NUMBER | |
| International Standard Book Number | 0312165870 |
| 040 ## - CATALOGING SOURCE | |
| Transcribing agency | Nust |
| 082 00 - DEWEY DECIMAL CLASSIFICATION NUMBER | |
| Classification number | 297.72, DAV |
| 100 1# - MAIN ENTRY--PERSONAL NAME | |
| Personal name | Davis, Joyce, |
| 9 (RLIN) | 106219 |
| 245 10 - TITLE STATEMENT | |
| Title | Between Jihad and Salaam : |
| Remainder of title | profiles in Islam/ |
| Statement of responsibility, etc. | Joyce M. Davis. |
| 260 ## - PUBLICATION, DISTRIBUTION, ETC. | |
| Place of publication, distribution, etc. | New York : |
| Name of publisher, distributor, etc. | St. Martin's Press, |
| Date of publication, distribution, etc. | 1997. |
| 300 ## - PHYSICAL DESCRIPTION | |
| Extent | xxv, 339 p. ; |
| Dimensions | 22 cm. |
| 505 ## - FORMATTED CONTENTS NOTE | |
| Formatted contents note | Lectures on Jihad and Salaam (Pages 1 to 297), Notes (Page-331). |
| 650 #0 - SUBJECT ADDED ENTRY--TOPICAL TERM | |
| Topical term or geographic name entry element | Muslims |
| General subdivision | Biography. |
| 9 (RLIN) | 106220 |
| 856 42 - ELECTRONIC LOCATION AND ACCESS | |
| Materials specified | Contributor biographical information |
| Uniform Resource Identifier | <a href="http://www.loc.gov/catdir/enhancements/fy0667/96048928-b.html">http://www.loc.gov/catdir/enhancements/fy0667/96048928-b.html</a> |
| 856 42 - ELECTRONIC LOCATION AND ACCESS | |
| Materials specified | Publisher description |
| Uniform Resource Identifier | <a href="http://www.loc.gov/catdir/enhancements/fy0667/96048928-d.html">http://www.loc.gov/catdir/enhancements/fy0667/96048928-d.html</a> |
| 856 42 - ELECTRONIC LOCATION AND ACCESS | |
| Materials specified | Table of contents only |
| Uniform Resource Identifier | <a href="http://www.loc.gov/catdir/enhancements/fy0667/96048928-t.html">http://www.loc.gov/catdir/enhancements/fy0667/96048928-t.html</a> |
| 942 ## - ADDED ENTRY ELEMENTS (KOHA) | |
| Source of classification or shelving scheme | |
| Koha item type | Book |
| Withdrawn status | Lost status | Source of classification or shelving scheme | Damaged status | Not for loan | Permanent Location | Current Location | Shelving location | Date acquired | Full call number | Barcode | Date last seen | Price effective from | Koha item type | Public note |
|---|---|---|---|---|---|---|---|---|---|---|---|---|---|---|
| Military College of Signals (MCS) | Military College of Signals (MCS) | General Stacks | 12/12/2016 | 297.72,DAV | MCS26970 | 12/08/2016 | 12/12/2016 | Book | Almirah No.47, Shelf No.5 |
